Library Banner

Fikro nazar(Vol 51 , No. 3)/ (Record no. 95717)

MARC details
000 -LEADER
fixed length control field 00341nam a22001337a 4500
005 - DATE AND TIME OF LATEST TRANSACTION
control field 20170726113341.0
008 - FIXED-LENGTH DATA ELEMENTS--GENERAL INFORMATION
fixed length control field 170726b xxu||||| |||| 00| 0 eng d
040 ## - CATALOGING SOURCE
Transcribing agency PK-LaUMT
082 ## - DEWEY DECIMAL CLASSIFICATION NUMBER
Classification number ZIAC 297.05
Item number FIK-
245 ## - TITLE STATEMENT
Title Fikro nazar(Vol 51 , No. 3)/
260 ## - PUBLICATION, DISTRIBUTION, ETC. (IMPRINT)
Place of publication, distribution, etc Islamabad:
Name of publisher, distributor, etc Idarah tehqiqat Islami,
Date of publication, distribution, etc 2014
300 ## - PHYSICAL DESCRIPTION
Extent 154 p.
942 ## - ADDED ENTRY ELEMENTS (KOHA)
Koha item type Books
Holdings
Withdrawn status Lost status Damaged status Home library Current library Date acquired Full call number Barcode Date last seen Price effective from Koha item type
      UMT Main Campus UMT Main Campus 2017-07-26 ZIAC 297.05 FIK- 111384 2017-07-26 2017-07-26 Books